000 00408nam a2200157Ia 4500
005 20240604005538.0
008 240331s9999 xx 000 0 und d
020 _a9789555801133
082 _bMOO
_a363
100 _aMoonasinghe,S
245 0 _aPolitics power dynamics
260 _aColombo
_bInternational Centre for Ethnic Studies
_c2007
300 _avi,126 p.,
650 _aPower Dynamics
942 _cL
999 _c5004
_d5004